Флаги Югославских Республик - Statistics

General Stats
  • This quiz has been taken 602 times
  • The average score is 4 of 5
Answer Stats
Picture Answer % Correct
СР Сербия/СР Черногория
99%
СР Хорватия
88%
СР Босния и Герцеговина
77%
СР Словения
76%
СР Македония
64%
No matching quizzes found
Score Distribution
Percent of People with Each Score
Percentile by Number Answered
Your Score History
You have not taken this quiz